Rubber latex as an expression system for high-value proteins (Record no. 67778)

MARC details
000 -LEADER
fixed length control field 00706nam a2200217Ia 4500
100 ## - MAIN ENTRY--AUTHOR NAME
Personal name Yeang H Y
245 #0 - TITLE STATEMENT
Title Rubber latex as an expression system for high-value proteins
260 ## - PUBLICATION, DISTRIBUTION, ETC. (IMPRINT)
Name of publisher Engineering crop plants for industrial end uses: Proceedings of the Symposium of the Industrial Biochemistry and Biotechnology Group of the Biochemical Society, UK, September 1996
Year of publication 1998
300 ## - PHYSICAL DESCRIPTION
Number of Pages 55-64
500 ## - GENERAL NOTE
General note Source Year: 1999
650 ## - SUBJECT ADDED ENTRY--TOPICAL TERM
Topical Term High-value proteins
650 ## - SUBJECT ADDED ENTRY--TOPICAL TERM
Topical Term Transgenic hevea
700 ## - ADDED ENTRY--PERSONAL NAME
Personal name Arif S M A
700 ## - ADDED ENTRY--PERSONAL NAME
Personal name Arokiaraj P
700 ## - ADDED ENTRY--PERSONAL NAME
Personal name Hamzah S
700 ## - ADDED ENTRY--PERSONAL NAME
Personal name Jaafar H
700 ## - ADDED ENTRY--PERSONAL NAME
Personal name Jones H
856 ## - ELECTRONIC LOCATION AND ACCESS
Uniform Resource Identifier PBA
942 ## - ADDED ENTRY ELEMENTS (KOHA)
Koha item type Journals
Holdings
Withdrawn status Lost status Damaged status Not for loan Home library Current library Shelving location Date acquired Koha item type
      Journals RRII Library RRII Library Physiology 17/12/2021 Journals